Score 0/10 Timer 01:00
5 Plays Today
Clue Answer % Correct
Phone messageTEXT
99.4%
Bird's homeNEST
98.1%
It's vile to vegetariansMEAT
94.3%
Castle protectorMOAT
91.8%
Aquatic transportationBOAT
91.2%
Optimal; the most desiredBEST
90.5%
Exhausted; spentBEAT
88.1%
Common word waiting in lineNEXT
87.4%
Military footwearBOOT
84.7%
'___ 'em, Danno'BOOK
58.8%

Today's Daily Dose

Remove Ads.
Support Sporcle.
Get the best of Sporcle when you Go Orange. This ad-free experience offers more features, more stats, and more fun while also helping to support Sporcle. Thank you for becoming a member.

You're not logged in!

Compare scores with friends on all Sporcle quizzes.
OR
Log In

Show Comments

Extras

Top Quizzes Today


Score Distribution

Your Account Isn't Verified!

In order to create a playlist on Sporcle, you need to verify the email address you used during registration. Go to your Sporcle Settings to finish the process.

Report this User

Report this user for behavior that violates our Community Guidelines.

Details: